| 000 | 00000nam##2200000za#4500 |
| 001 | 9.662528 |
| 003 | CaOODSP |
| 005 | 20240522111843 |
| 007 | ta |
| 008 | 150407|2000||||xxc||||| f|0| 0 fre|d |
| 020 | |a0-662-65487-0 |
| 040 | |aCaOODSP|bfre |
| 041 | |aeng |
| 041 | |afre |
| 043 | |an-cn--- |
| 086 | 1 |aRG64-10/2000 |
| 110 | 1 |aCanada. |bBureau du Surintendant des faillites. |
| 245 | 10|aForum national sur l'insolvabilité, rapport national |
| 260 | |aOttawa - Ontario : |bIndustrie Canada. |c2000. |
| 300 | |aTexte en français, 29p. ; |c28 cm. |
| 500 | |a«A la fin du printemps 1999, le Bureau du surintendant des faillites (BSF) a inauguré le Forum national sur l'insolvabilité (FNI), qui constitue une nouvelle plateforme de consultation des intervenants du milieu. Le Forum a livré une série de six conférences de deux jours, qui se sont tenues aux mois de mai et de juin dans six villes choisies: Halifax, Montréal, Toronto, Saskatchewan, Calgary et Vancouver... Quatre grands axes ont été dégagés des nombreuses suggestions, axe à partir desquels l'orientation future du BSF a été articulée. Le BSF pourra ainsi atteindre son objectif qui consiste à «améliorer l'efficience et l'efficacité du régime canadien d'insolvabilité tout en assurant la conformité à la Loi sur la faillite et l'insolvabilité». Ces quatre axes d'intervention sont les suivants: administrer un cadre stratégique et réglementaire bien articulé, rationaliser la procédure d'insolvabilité, mettre à la disposition des Canadiens davantage de services clés et d'information en ligne, renforcer les partenariats avec les intervenants et les clients.»--Sommaire. |
| 546 | |aBilingue |
| 563 | |aCouverture souple |
| 590 | |a01-06|b2001-02-09 |
| 691 | 07|aFaillite|2gcpds |
| 691 | 07|aServices gouvernementaux|2gcpds |
| 776 | 0#|tForum national sur l'insolvabilité, rapport national |w(CaOODSP)9.642036 |
| 776 | 0#|tThe National Insolvency Forum, national report |w(CaOODSP)9.698040 |
| 791 | |tThe National Insolvency Forum national report |eeng|w(CaOODSP)9.662527 |